Herz-Emojis - Statistiken

Allgemein
  • Dieses Quiz wurde 175 mal gespielt
  • Das Durchschnittsergebnis liegt bei 11 aus 12
Antwortstatistiken
# Herz % Korrekt
01. ❤️
99%
04. 💙
98%
10. 🖤
98%
03. 💛
97%
05. 🩵
97%
07. 💚
97%
06. 💜
96%
08. 🩷
96%
11. 🤍
95%
02. 🧡
90%
12. 🩶
83%
09. 🤎
80%
Keine übereinstimmenden Quizze gefunden
Verteilung der Resultate
Anzahl Personen mit jedem Resultat
Perzentil nach korrekt beantworteten Fragen
Ihre Resultats-Entwicklung
Sie haben dieses Quiz noch nicht gespielt